000
00283nam a2200121Ia 4500
008
190216s9999||||xx |||||||||||||| ||und||
100
_a
Sigler L E
245
0
_a
Exercises In Set Theory
260
_b
Narosa Pubs House
_c
1979
300
_a
134p
650
_a
Mathematics
942
_c
BK
999
_c
30609
_d
30609